| 000 | 00809cam a2200253 4500 | ||
|---|---|---|---|
| 008 | 090401t1994 xxu||||| |||| 00| 0 eng d | ||
| 020 | _a085299608X | ||
| 035 | _a(Sirsi) u69246 | ||
| 041 | _aeng | ||
| 041 | 0 | _aeng | |
| 050 | 0 | 4 | _a336.21 $2 18 |
| 090 | _a333.332 | ||
| 245 | 0 | 2 | _aA guide to valuation |
| 260 |
_aLondon _bCIPFA _c1994 |
||
| 300 |
_aviii, 32p. _c30cm. |
||
| 350 | _a35 | ||
| 490 | 0 | _aCIFPA Capital Accounting by Local Authorities | |
| 520 | _aThis publication forms part of a series designed to assist local authorities with aspects of capital accounting. | ||
| 651 | 4 |
_aUnited Kingdom _y |
|
| 690 | _aMANAGEMENT-BUSINESS MANAGEMENT-FINANCIAL MANAGEMENT-ACCOUNTING | ||
| 710 | 2 |
_aChartered Institute of Public Finance and Accountancy _92136 |
|
| 942 | _n0 | ||
| 948 | _c04/03/1997 | ||
| 999 |
_c95173 _d95173 |
||